000
00203nam a22000977a 4500
003
SGT
245
_a
JOURNAL OF PATHOLOGY
260
_b
LONDON WILEY INTER SCIENCE
_c
2008
300
_a
456
942
_2
ddc
_c
BV
999
_c
19217
_d
19217